Crocodile tears / (Record no. 2571)

MARC details
000 -LEADER
fixed length control field 01080nam a22003137a 4500
005 - DATE AND TIME OF LATEST TRANSACTION
control field 20240103094806.0
020 ## - INTERNATIONAL STANDARD BOOK NUMBER
International Standard Book Number 9781440754548
020 ## - INTERNATIONAL STANDARD BOOK NUMBER
International Standard Book Number 9781406360264
040 ## - CATALOGING SOURCE
Original cataloging agency DLC
Transcribing agency DLC
Modifying agency DLC
Language of cataloging eng
050 00 - LIBRARY OF CONGRESS CALL NUMBER
Classification number PZ7.H7875
082 ## - DEWEY DECIMAL CLASSIFICATION NUMBER
Classification number 823.914
100 1# - MAIN ENTRY--PERSONAL NAME
Personal name Horowitz, Anthony
Dates associated with a name 1955-
245 10 - TITLE STATEMENT
Title Crocodile tears /
Statement of responsibility, etc. by Anthony Horowitz
250 ## - EDITION STATEMENT
Edition statement This edition published 2015
260 ## - PUBLICATION, DISTRIBUTION, ETC.
Place of publication, distribution, etc. London :
Name of publisher, distributor, etc. Walker Books,
Date of publication, distribution, etc. 2010
300 ## - PHYSICAL DESCRIPTION
Extent 426 pages :
Dimensions 20 cm
490 ## - SERIES STATEMENT
Series statement Alex Rider
Volume/sequential designation Book 8
505 ## - FORMATTED CONTENTS NOTE
Formatted contents note P
520 ## - SUMMARY, ETC.
Summary, etc. Alex Rider does battle with a charity broker con artist who has invested millions of dollars in a form of genetically modified corn that can release an airborne strain of virus capable of knocking out an entire country in one day.
521 1# - TARGET AUDIENCE NOTE
Target audience note 740
Source Lexile
521 1# - TARGET AUDIENCE NOTE
Target audience note P
Source Raz-Plus
650 #0 - SUBJECT ADDED ENTRY--TOPICAL TERM
Topical term or geographic name entry element Charities
Form subdivision Juvenile fiction.
650 #0 - SUBJECT ADDED ENTRY--TOPICAL TERM
Topical term or geographic name entry element Genetically modified foods
Form subdivision Juvenile fiction.
655 #0 - INDEX TERM--GENRE/FORM
Genre/form data or focus term Adventure stories.
655 #0 - INDEX TERM--GENRE/FORM
Genre/form data or focus term Spy stories.
906 ## - LOCAL DATA ELEMENT F, LDF (RLIN)
a 7
b cbc
c orignew
d 3
e ncip
f 20
g y-soundrec
942 ## - ADDED ENTRY ELEMENTS (KOHA)
Source of classification or shelving scheme Dewey Decimal Classification
Koha item type Books
Suppress in OPAC No
999 ## -
-- 2571
-- 2571
Holdings
Withdrawn status Lost status Source of classification or shelving scheme Damaged status Not for loan Collection Home library Current library Shelving location Date acquired Total Checkouts Full call number Barcode Date last seen Price effective from Koha item type
    Dewey Decimal Classification     Fiction Footprints International School Library Network Toul Kork Campus Footprints International School Library Network Toul Kork Campus   01/02/2024   HOR 823.914 PZ7.H7875 FISSE01448 01/02/2024 01/02/2024 Books